[Event "Regionalliga NO 1617"]
[White "Landstorfer, Raphael"]
[Black "Ammon, Dominik"]
[Site "Bayern"]
[Round "9.8"]
[Result "1/2-1/2"]
[Date "2017.04.30"]
[WhiteElo "1804"]
[BlackElo "1728"]
[PlyCount "46"]
[EventDate "2016.10.16"]
[EventType "team-tourn"]
[EventRounds "9"]
[EventCountry "GER"]
[SourceTitle "EXT 2019"]
[Source "ChessBase"]
[SourceDate "2018.10.10"]
[SourceVersion "1"]
[SourceVersionDate "2018.10.10"]
[SourceQuality "1"]
[WhiteTeam "Kareth Lappersdorf II"]
[BlackTeam "Altensittenbach"]
[WhiteTeamCountry "GER"]
[BlackTeamCountry "GER"]

1. e4 d5 2. exd5 Nf6 3. d4 Nxd5 4. c4 Nb6 5. Nc3 Nc6 6. Be3 Bf5 7. Nf3 e6 8. Be2 Be7 9. 0-0 Bf6 10. d5 Bxc3 11. bxc3 Ne7 12. Nd4 exd5 13. Nxf5 Nxf5 14. Bxb6 axb6 15. Bd3 Ne7 16. Qh5 dxc4 17. Bxc4 0-0 18. Rad1 Qc8 19. Rfe1 Qf5 20. Qxf5 Nxf5 21. Rd7 Nd6 22. Rxc7 Nxc4 23. Rxc4 Rxa2 1/2-1/2

[Event "Regionalliga NO 1415"]
[White "Kiefer, Johannes"]
[Black "Ammon, Dominik"]
[Site "Bayern"]
[Round "4.8"]
[Result "1-0"]
[Date "2014.12.07"]
[WhiteElo "1847"]
[BlackElo "1728"]
[PlyCount "53"]
[EventDate "2014.10.19"]
[EventType "team-tourn"]
[EventRounds "9"]
[EventCountry "GER"]
[SourceTitle "EXT 2018"]
[Source "ChessBase"]
[SourceDate "2017.10.13"]
[SourceVersion "1"]
[SourceVersionDate "2017.10.13"]
[SourceQuality "1"]
[WhiteTeam "Gunzenhausen"]
[BlackTeam "Altensittenbach"]
[WhiteTeamCountry "GER"]
[BlackTeamCountry "GER"]

1. Nc3 d5 2. e4 d4 3. Nce2 e5 4. Ng3 Be6 5. Nf3 Bd6 6. Be2 Nd7 7. a3 h6 8. 0-0 Ne7 9. d3 Ng6 10. Bd2 Qe7 11. Nh5 0-0 12. Qc1 Bg4 13. Nxg7 Kxg7 14. Bxh6+ Kg8 15. Bxf8 Qxf8 16. Nxd4 exd4 17. Bxg4 Nf6 18. Bf5 Bf4 19. Qd1 Nh4 20. Bh3 Qh6 21. g3 Ng6 22. Bg2 Bd6 23. Qc1 Qh5 24. Qd1 Qh6 25. Qe2 Nd7 26. f4 f6 27. Qg4 1-0

[Event "Nuremberg Zabo op 13th"]
[White "Ammon, Dominik"]
[Black "Walter, Stefanie"]
[Site "Nuremberg"]
[Round "2"]
[Result "1-0"]
[Date "2011.09.17"]
[WhiteElo "1562"]
[BlackElo "810"]
[PlyCount "59"]
[EventDate "2011.09.16"]
[EventType "swiss"]
[EventRounds "5"]
[EventCountry "GER"]
[SourceTitle "EXT 2013"]
[Source "ChessBase"]
[SourceDate "2012.11.22"]
[SourceVersion "1"]
[SourceVersionDate "2012.11.22"]
[SourceQuality "1"]

1. e4 c5 2. c3 Nc6 3. d4 b6 4. Nf3 g6 5. Bf4 Bg7 6. Na3 Nf6 7. Nb5 0-0 8. d5 Nb8 9. Nc7 Bb7 10. Nxa8 Bxa8 11. Bd3 a6 12. 0-0 b5 13. Re1 c4 14. Bc2 Qa5 15. Qd2 Nh5 16. Bh6 Rc8 17. Bxg7 Nxg7 18. a4 bxa4 19. Bxa4 Qc7 20. Qg5 e6 21. Qh4 exd5 22. Ng5 dxe4 23. Qxh7+ Kf8 24. Qh8+ Ke7 25. Qxg7 Qc5 26. Qxf7+ Kd8 27. Ne6+ dxe6 28. Rad1+ Bd5 29. Qxe6 Rc7 30. Qe8# 1-0

[Event "Nuremberg Zabo op 12th"]
[White "Hoffmann, Sebastian1"]
[Black "Ammon, Dominik"]
[Site "Nuremberg"]
[Round "5"]
[Result "0-1"]
[Date "2010.09.19"]
[WhiteElo "500"]
[BlackElo "1118"]
[PlyCount "98"]
[EventDate "2010.09.17"]
[EventType "swiss"]
[EventRounds "5"]
[EventCountry "GER"]
[SourceTitle "EXT 2011"]
[Source "ChessBase"]
[SourceDate "2010.11.26"]
[SourceVersion "1"]
[SourceVersionDate "2010.11.26"]
[SourceQuality "1"]

1. e4 e5 2. Nf3 Nf6 3. Nxe5 d6 4. Nf3 Nxe4 5. Qe2 Qe7 6. d3 Nf6 7. Qxe7+ Bxe7 8. Be2 0-0 9. 0-0 Nc6 10. Nc3 Ne5 11. Nxe5 dxe5 12. Bf3 c6 13. Re1 Bd6 14. Bg5 Ng4 15. h3 Nf6 16. Bxf6 gxf6 17. Rad1 Kh8 18. Bh5 Be6 19. Ne4 Be7 20. d4 Rg8 21. Kh1 Bd5 22. Bxf7 Bxf7 23. Nc3 Bd6 24. dxe5 Bxe5 25. a3 Bxc3 26. bxc3 Bd5 27. f3 Rg7 28. a4 Rag8 29. Rd2 Rf7 30. Re3 f5 31. a5 a6 32. h4 Kg7 33. Kh2 Kf8 34. h5 Rg5 35. Rd4 Rxh5+ 36. Kg1 Rg5 37. c4 Rfg7 38. Re2 Bxf3 39. Rf2 Rxg2+ 40. Rxg2 Rxg2+ 41. Kf1 Rxc2 42. Rd7 h5 43. Rxb7 Be2+ 44. Kg2 Bxc4+ 45. Kg3 Bb5 46. Kf4 h4 47. Rh7 c5 48. Kxf5 Bd3+ 49. Kf6 Bxh7 0-1

[Event "Nuremberg Zabo op 12th"]
[White "Ammon, Dominik"]
[Black "Diller, Daniel"]
[Site "Nuremberg"]
[Round "3"]
[Result "0-1"]
[Date "2010.09.18"]
[WhiteElo "1118"]
[BlackElo "1631"]
[PlyCount "46"]
[EventDate "2010.09.17"]
[EventType "swiss"]
[EventRounds "5"]
[EventCountry "GER"]
[SourceTitle "EXT 2011"]
[Source "ChessBase"]
[SourceDate "2010.11.26"]
[SourceVersion "1"]
[SourceVersionDate "2010.11.26"]
[SourceQuality "1"]

1. d4 e6 2. e4 d5 3. exd5 exd5 4. Nf3 Bd6 5. Nc3 c6 6. Bd3 Nf6 7. Bg5 0-0 8. Qd2 Re8+ 9. Be2 Bf5 10. 0-0 h6 11. Be3 Qc7 12. Bd1 Ng4 13. h3 Nxe3 14. fxe3 Qe7 15. Ne5 Bxe5 16. Rxf5 Bf6 17. Rf3 Bg5 18. Kf2 Nd7 19. Be2 Nf6 20. Qc1 Ne4+ 21. Ke1 Nxc3 22. bxc3 Bxe3 23. Qb2 Bd2+ 0-1